000 00335nam a2200133Ia 4500
008 210210b1965 xxu||||| |||| 00| 0 eng d
082 _a824 LADR
100 _aLADY BIRD BOOK SERIES
245 _aRichard the lion heart.
260 _aEngland
_bWills & Hepworth Ltd.
_c1965
300 _a50
690 _aEnglish Prose
906 _a037754
999 _c88056
_d88056